00557nam a22001817a 450000500170000001000150001702000260003203500140005803700130007208200110008510000190009624500780011526000370019327000510023030000250028150000500030670000190035620170531162007.0 aENG-118485 a9788171327751c700.00 aEN-102017 bDBAD/PUB a631.86 aLakshman, H.C. aBiofertilizers and biopesticides /cby H.C. Lakshman [and] Channbasava A. aJaipurbPointer Publishersc2014 a807, Vyas Building, Chaura Rasta Jaipur-302003 aviii,176pc21cm.(Hb) aincludes bibliographical references and index aChannbasava A.